[Event "Niteroi op 2nd"]
[Site "Niteroi"]
[Date "2022.09.02"]
[Round "2"]
[White "Pereira, Arthur Macedo"]
[Black "Souza, Dion Avalone"]
[Result "1/2-1/2"]
[WhiteElo "1703"]
[BlackElo "1750"]
[PlyCount "69"]
[EventDate "2022.09.01"]
[EventType "swiss"]
[EventRounds "9"]
[EventCountry "BRA"]
[SourceTitle "CBM 210 Extra"]
[Source "ChessBase"]
[SourceDate "2022.11.30"]
[SourceVersion "1"]
[SourceVersionDate "2022.11.30"]
[SourceQuality "1"]

1. c4 d6 2. Nc3 e5 3. Nf3 Nc6 4. g3 g6 5. Bg2 Bg7 6. 0-0 Nf6 7. d3 0-0 8. Rb1 Be6 9. Ng5 Re8 10. Nxe6 Rxe6 11. b4 Qd7 12. Bh3 Nd4 13. Bxe6 Qxe6 14. Kg2 h5 15. e3 Nf5 16. Bb2 h4 17. Rg1 Bh6 18. g4 Ne7 19. Kf1 d5 20. Qf3 e4 21. cxd5 Nexd5 22. Nxe4 Nxe4 23. dxe4 Nxb4 24. g5 Qxa2 25. Kg2 Bxg5 26. Bf6 Bxf6 27. Qxf6 Nc2 28. Rb2 Qc4 29. Qxh4 a5 30. Rxb7 a4 31. Qf4 a3 32. Rxc7 Qb3 33. Rb1 Qa2 34. Rbb7 Rf8 35. Qh6 1/2-1/2